Modele Toyoty - nagła śmierć - Statystyki

Ogólne statystyki
  • Ten quiz został rozwiązany 181 razy
    176 od ostatniego zresetowania
  • Średni wynik to 5 z 13
Answers on the Grid
Answers color-coded by a green-red scale on the quiz's grid according to % correct below.
Corolla
Yaris
Prius
Camry
Mirai
Proace
Supra
Starlet
Passo
Etios
Venza
Vanguard
Harrier
Impreza
S-Cross
Ariya
Civic
Bongo
Lancer
Outlander
Picanto
Valhalla
Alhambra
Ducato
Stralis
Clio
Latitude
Aventador
Octavia
ESQ
E-tron
ES
 
Statystyki odpowiedzi
Odpowiedź % Poprawnych
Yaris
83%
Corolla
82%
Prius
69%
Camry
67%
Supra
66%
Proace
35%
Mirai
26%
Starlet
20%
Venza
13%
Passo
10%
Etios
6%
Harrier
5%
Vanguard
2%
Nie znaleziono quizów pasujących do podanych kryteriów
Rozkład punktacji
Procent ludzi z każdym wynikiem
Percentyl według liczby udzielonych odpowiedzi
Twoja historia wyników
Nie rozwiązałeś tego quizu od ostatniego zresetowania